Demokratické hlasy oblastný list Demokratickej strany
| New Title: | Čas Demokratický týždenník |
|---|---|
| Corporate Author: | |
| Other Authors: | |
| Format: | Journal |
| Language: | Slovak |
| PhysicalDescription: | 2 roč. 32 x 47 cm |
| Published: |
Zvolen
Okresná organizácia Demokratickej strany vo Zvolene
1945-25/II 1946
Zvolen Banská Bystrica Okresná organizácia Demokratickej strany vo Zvolene Bystrica, vyd. a podnikateľské družstvo v Bratislave |
| Subjects: |
MARC
| LEADER | 00000nas a22000001a 4500 | ||
|---|---|---|---|
| 001 | vtls010301142 | ||
| 003 | SK-MaSNL | ||
| 005 | 20260228163213.0 | ||
| 008 | 110810d19451946xo ir p r 0 b0slo | ||
| 015 | |a SNBDS17XX9999 | ||
| 015 | |a 0184 |2 Balúnová 1945-60 | ||
| 038 | |a SNKBUDS | ||
| 040 | |a SNK |b slo |c SNK |e AACR2 | ||
| 041 | 0 | |a slo | |
| 044 | |a xo |c SK | ||
| 080 | |a 32 |2 2001 | ||
| 245 | 0 | 0 | |a Demokratické hlasy |b oblastný list Demokratickej strany |
| 260 | |a Zvolen |b Okresná organizácia Demokratickej strany vo Zvolene |c 1945-25/II 1946 | ||
| 260 | 3 | |3 26/II 1946-113/II 1946 |a Zvolen |a Banská Bystrica |b Okresná organizácia Demokratickej strany vo Zvolene |b Bystrica, vyd. a podnikateľské družstvo v Bratislave | |
| 300 | |a 2 roč. |c 32 x 47 cm | ||
| 310 | |a 3x týždenne | ||
| 362 | 0 | |a Roč. I, č. 1 (15. júl 1945)-roč. II, č. 113 (6. okt. 1946) | |
| 500 | |a V tiráži: od 9/II (20. jan. 1946) Oblastný orgán Demokratickej strany | ||
| 500 | |a Hlav. a zodp. red. František Veselý, od 26/II (1. marca 1946) má filiálnu red. v Banskej Bystrici | ||
| 500 | |a Tlač. Pravda, graf. a vyd. podniky v Bratislave, fil. vo Zvolene | ||
| 500 | |a Vych. od 15. júla 1945; posl. č. 113/II (6. okt. 1946); Vydávanie čas. ako oblastného orgánu DS bolo zastavené | ||
| 500 | |a Vych. vo Zvolene, od 26/II (1. marca 1946) vo Zvolene a v Banskej Bystrici, 3x týždenne | ||
| 500 | |a Vyd. Okresná organizácia Demokratickej strany vo Zvolene, od 89/II (11. aug. 1946) „Bystrica“, vyd. a podnikateľské družstvo v Bratislave | ||
| 505 | 8 | 0 | |g Roč. I. 1945 66 č. po 2-10 s. |
| 505 | 8 | 0 | |g Roč. II. 1946 113 č. po 4-8 s. |
| 580 | |a Nahradil ho Čas a Demokratický týždenník | ||
| 610 | 2 | 7 | |a Demokratická strana. |b Okresná organizácia Zvolen |2 SNKBUDS |9 273335 |
| 650 | 0 | 7 | |a politika |2 SNKPH |9 968 |
| 655 | 7 | |a politické časopisy |2 SNKBUDS |9 265985 | |
| 700 | 1 | |a Veselý, František |4 pbd |9 273336 | |
| 710 | 2 | |a Demokratická strana. |b Okresná organizácia Zvolen |4 pbl |9 273335 | |
| 710 | 2 | |a Bystrica, vydavateľské a podnikateľské družstvo (Bratislava, Slovensko) |4 pbl |9 273337 | |
| 710 | 2 | |a Grafické a vydavateľské podniky Pravda (Bratislava, Slovensko). |b filiálka Zvolen |4 prt |9 273338 | |
| 785 | 0 | 0 | |t Čas |
| 785 | 0 | 0 | |t Demokratický týždenník |
| 852 | |a SNK |b 10000 |h ČSA 215 | ||
| 852 | |a UKB |b 300000 |h SAA 168 | ||
| 999 | |c 9013 |d 10943 | ||
| 952 | |0 0 |1 0 |4 0 |7 0 |a SNK |b SNK |d 2001-08-02 |l 0 |o snkČSA 215/1/1945 D1 |p 17A0309543 |r 2005-01-02 00:00:00 |t P60, <06>, [ISSBD], {606} |w 2026-02-21 |y PREZ |z č. 1-66 | ||
| 952 | |0 0 |1 0 |4 0 |7 0 |a SNK |b SNK |d 1998-10-09 |l 0 |o snkČSA 215/1/1945 |p 17A0164133 |r 2005-01-02 00:00:00 |t P60, <06>, [ISSBD], {606} |w 2026-02-21 |y PREZ |z č. 1-66 | ||
| 952 | |0 0 |1 0 |4 0 |7 0 |8 5 |a SNK |b SNK |d 2003-05-07 |i snkČSF 2/56 |l 0 |o snkČSA 215/2/1946 D1 |p 17A0309542 |r 2005-01-02 00:00:00 |t č. 1-113 |w 2026-02-21 |y PREZ | ||
| 952 | |0 0 |1 0 |4 0 |7 0 |a SNK |b SNK |d 2003-05-07 |l 0 |o snkČSA 215/2/1946 |p 17A0164132 |r 2005-01-02 00:00:00 |w 2026-02-21 |y PREZ |z č. 1-113 | ||


